| 000 | 00530nam a2200217Ia 4500 | ||
|---|---|---|---|
| 003 | OSt | ||
| 005 | 20220926042237.0 | ||
| 006 | a|||||r|||| 00| 0 | ||
| 007 | ta | ||
| 008 | 220923b |||||||| |||| 00| 0 eng d | ||
| 037 | _cGeneral Book | ||
| 040 |
_aRTL _cRTL _beng |
||
| 041 |
_2eng _aeng |
||
| 082 | _aX724, J6 | ||
| 100 |
_aWilson H A RJ _9345984 |
||
| 245 | 0 | _aIncome tax principles | |
| 260 | _c1956 | ||
| 650 | _aIncome Tax | ||
| 942 |
_hX724, J6 _cGB _2CC |
||
| 999 |
_c669226 _d669226 |
||